00987nam a2200241 a 4500001001000000003000900010005001700019007000300036008004100039020001800080040002500098082001400123100006000137245011900197260004000316300002100356590002600377700005300403942001400456952009700470952016100567999001700728000027951DO-SdBNP20230417152454.0ta110406s2007 mx 000 0 spa d a9789707803770 aDO-SdBNPbspacBNPHU 4aS237a2221 aSanto Domingo de la Rosa, Miriam Isabel,955017d 1968-10aAM/FM :bfelizmente mantenida o asalariada de mierda? /cIsabella Santo Domingo ; prólogo Alberto Salcedo Ramos. aMéxico, D. F. :bGrijalbo,c2007. a333 p. ;c22 cm. aInventariado, 2019/VM1 aSalcedo Ramos, Alberto,955018d1963-eprólogo 2ddccLBS1 00102ddc56708GRaBNPHUbBNPHUcMId2011-04-06o p27951-10r2020-06-25w2020-06-25yLBS1 00102ddc56708GRaBNPHUbBNPHUcCTd2020-01-07eDonaciónoBNPHU GR S237ap2021-1631r2021-04-29te.2w2021-04-29yLBS1zDonado por Luis Tomás Oviedo. c27443d27443